[Event "EU-ch Blitz"]
[Site "Katowice"]
[Date "2022.12.16"]
[Round "17"]
[White "Adamczewski, Maciej"]
[Black "Arkell, Keith C"]
[Result "1/2-1/2"]
[WhiteElo "2071"]
[BlackElo "2406"]
[PlyCount "110"]
[EventDate "2022.12.16"]
[EventType "swiss (blitz)"]
[EventRounds "22"]
[EventCountry "POL"]
[SourceTitle "CBM 211 Extra"]
[Source "ChessBase"]
[SourceDate "2023.01.31"]
[SourceVersion "1"]
[SourceVersionDate "2023.01.31"]
[SourceQuality "1"]

1. d4 e6 2. c4 Bb4+ 3. Bd2 Bxd2+ 4. Qxd2 Nf6 5. Nc3 d6 6. g3 Qe7 7. Bg2 e5 8. Nf3 0-0 9. 0-0 c6 10. dxe5 dxe5 11. Rfd1 Bg4 12. Ng5 Nbd7 13. Nge4 Rfd8 14. Qc2 Nc5 15. Nxc5 Qxc5 16. b3 h6 17. Ne4 Qe7 18. Rxd8+ Rxd8 19. Rd1 Rd4 20. Nxf6+ Qxf6 21. Rxd4 exd4 22. Qe4 Bf5 23. Qe8+ Kh7 24. Be4 c5 25. Bxb7 d3 26. exd3 Bh3 27. Qe1 Qb2 28. Bg2 Bxg2 29. Kxg2 Qxa2 30. Qe4+ g6 31. Qe7 Kg8 32. Qxc5 Qxb3 33. d4 Qd3 34. Qd5 a5 35. c5 a4 36. c6 Qc2 37. Qf3 Kg7 38. d5 Qc5 39. Qd3 a3 40. Qb3 Qa5 41. Qa2 Qc5 42. h3 Kf6 43. Qb3 Ke7 44. Qb7+ Kf6 45. Qd7 a2 46. c7 a1Q 47. c8Q Qxc8 48. Qxc8 Qe5 49. Qc6+ Ke7 50. Qb7+ Kf6 51. Qc6+ Ke7 52. Qb7+ Kf6 53. Qc6+ Ke7 54. Qc4 Kd6 55. Qc6+ Ke7 1/2-1/2

[Event "EU-ch Blitz"]
[Site "Katowice"]
[Date "2022.12.16"]
[Round "21"]
[White "Adamczewski, Maciej"]
[Black "Stremavicius, Pijus"]
[Result "1-0"]
[WhiteElo "2071"]
[BlackElo "2369"]
[PlyCount "101"]
[EventDate "2022.12.16"]
[EventType "swiss (blitz)"]
[EventRounds "22"]
[EventCountry "POL"]
[SourceTitle "CBM 211 Extra"]
[Source "ChessBase"]
[SourceDate "2023.01.31"]
[SourceVersion "1"]
[SourceVersionDate "2023.01.31"]
[SourceQuality "1"]

1. d4 d6 2. Nf3 g6 3. c4 Bg7 4. Nc3 Nc6 5. g3 Bd7 6. Bg2 Qc8 7. h4 Nf6 8. d5 Na5 9. Nd2 c5 10. e4 a6 11. a4 h5 12. 0-0 0-0 13. Qc2 Bh3 14. f3 Rb8 15. b3 Bxg2 16. Kxg2 Nd7 17. Bb2 Qc7 18. Ra2 b6 19. Re1 Rbe8 20. Nf1 e6 21. Ne3 e5 22. Ncd1 b5 23. axb5 axb5 24. Bc3 b4 25. Bd2 Ra8 26. Nf2 Nb7 27. Rea1 Nb6 28. Ra6 Rxa6 29. Rxa6 Ra8 30. Qa2 Qb8 31. Nd3 Bf8 32. f4 exf4 33. gxf4 Qd8 34. Be1 Be7 35. Kh3 Qc8+ 36. Kg2 Bf6 37. e5 Be7 38. Bg3 Nd8 39. Rxa8 Qxa8 40. Qc2 Qc8 41. Nf2 Nd7 42. Ne4 Nb7 43. e6 fxe6 44. dxe6 Nf8 45. f5 Qc6 46. Nd5 Qe8 47. f6 Nxe6 48. Nxe7+ Kf7 49. Ng5+ Nxg5 50. hxg5 Ke6 51. Qe4+ 1-0

[Event "EU-ch Blitz"]
[Site "Katowice"]
[Date "2022.12.16"]
[Round "18"]
[White "Arkell, Keith C"]
[Black "Adamczewski, Maciej"]
[Result "0-1"]
[WhiteElo "2406"]
[BlackElo "2071"]
[PlyCount "105"]
[EventDate "2022.12.16"]
[EventType "swiss (blitz)"]
[EventRounds "22"]
[EventCountry "POL"]
[SourceTitle "CBM 211 Extra"]
[Source "ChessBase"]
[SourceDate "2023.01.31"]
[SourceVersion "1"]
[SourceVersionDate "2023.01.31"]
[SourceQuality "1"]

1. d4 Nf6 2. Nf3 g6 3. c4 Bg7 4. Nc3 0-0 5. g3 d6 6. Bg2 c5 7. dxc5 dxc5 8. 0-0 Nc6 9. Bf4 Be6 10. Ne5 Nxe5 11. Bxe5 Qb6 12. Qb3 Qb4 13. Bxb7 Rad8 14. Bxf6 Bxf6 15. Bd5 Bh3 16. Rfd1 e6 17. Bg2 Bg4 18. Bf3 Bxf3 19. exf3 Rb8 20. Ne4 Bxb2 21. Qxb4 cxb4 22. Rab1 Bg7 23. c5 Rfc8 24. Rd7 f5 25. Ng5 Rc6 26. Rxa7 h6 27. Nf7 Rxc5 28. f4 Rc2 29. Rd1 Bf8 30. Ne5 g5 31. fxg5 hxg5 32. Nd3 Rd8 33. Rb7 Rc3 34. Nb2 Rxd1+ 35. Nxd1 Rc1 36. Rd7 Ra1 37. Rd2 Bg7 38. Kg2 g4 39. Ne3 Bc3 40. Re2 Kf7 41. Nc4 Kf6 42. Rc2 Rd1 43. a3 Rd4 44. Ne3 Rd3 45. axb4 Bxb4 46. Rc6 Bd2 47. Nc4 Bb4 48. Ra6 Rc3 49. Ne3 Ke5 50. Ra2 Bc5 51. Nd1 Rc1 52. Rd2 Bd4 53. Nb2 0-1

[Event "POL-ch Academic"]
[Site "Chorzow"]
[Date "2022.04.01"]
[Round "5"]
[White "Adamczewski, Maciej"]
[Black "Molenda, Marcin"]
[Result "1/2-1/2"]
[WhiteElo "2056"]
[BlackElo "2207"]
[PlyCount "147"]
[EventDate "2022.04.01"]
[EventType "swiss (rapid)"]
[EventRounds "9"]
[EventCountry "POL"]
[SourceTitle "EXT 2024"]
[Source "ChessBase"]
[SourceDate "2023.10.10"]
[SourceVersion "1"]
[SourceVersionDate "2023.10.10"]
[SourceQuality "1"]

1. d4 d5 2. c4 c6 3. Nc3 Nf6 4. Nf3 e6 5. Bg5 Nbd7 6. e3 Qa5 7. Nd2 Bb4 8. Qc2 dxc4 9. Bxf6 Nxf6 10. Nxc4 Qc7 11. Be2 0-0 12. a3 Be7 13. 0-0 b6 14. Rfd1 Bb7 15. Bf3 Rac8 16. Rac1 Qb8 17. e4 c5 18. d5 exd5 19. exd5 Rfd8 20. Re1 Bf8 21. Qf5 Ba6 22. Ne5 Qd6 23. Ne4 Nxe4 24. Bxe4 g6 25. Qxf7+ Kh8 26. Qf4 Kg8 27. Bf3 Rc7 28. Bg4 Bc8 29. Bxc8 Rdxc8 30. Rcd1 Bg7 31. Qg3 Rf8 32. Nc4 Qxg3 33. hxg3 b5 34. Nd6 a6 35. b3 c4 36. bxc4 bxc4 37. Ne4 c3 38. d6 Rc6 39. Re2 Rd8 40. Rc2 Be5 41. Rd3 Bxd6 42. Nxd6 Rdxd6 43. Rxd6 Rxd6 44. Rxc3 Kg7 45. Kf1 Rd1+ 46. Ke2 Ra1 47. Rf3 Ra2+ 48. Kd1 g5 49. g4 Kg6 50. Kc1 h5 51. gxh5+ Kxh5 52. Kd1 g4 53. Rf5+ Kh4 54. Ke1 Rxa3 55. Kf1 Ra1+ 56. Ke2 Ra2+ 57. Ke3 Ra3+ 58. Kf4 Ra4+ 59. Ke3 a5 60. Ke2 Ra3 61. Rf6 Kg5 62. Rb6 Kf5 63. Rb5+ Kf6 64. f3 Ra2+ 65. Ke3 g3 66. Kf4 Rxg2 67. Rxa5 Rb2 68. Kxg3 Rb4 69. Rc5 Kg6 70. Re5 Kf6 71. f4 Rb1 72. Ra5 Rg1+ 73. Kf3 Rf1+ 74. Kg4 1/2-1/2

[Event "EU-ch Rapid"]
[Site "Katowice"]
[Date "2021.12.18"]
[Round "5"]
[White "Bernadskiy, Vitaliy"]
[Black "Adamczewski, Maciej"]
[Result "1-0"]
[WhiteElo "2599"]
[BlackElo "2042"]
[PlyCount "85"]
[EventDate "2021.12.18"]
[EventType "swiss (rapid)"]
[EventRounds "11"]
[EventCountry "POL"]
[SourceTitle "CBM 205 Extra"]
[Source "ChessBase"]
[SourceDate "2022.01.31"]
[SourceVersion "1"]
[SourceVersionDate "2022.01.31"]
[SourceQuality "1"]

1. d4 Nf6 2. Bg5 c5 3. d5 d6 4. Nc3 h6 5. Bf4 g5 6. Bd2 Bf5 7. f3 Bg7 8. e4 Bg6 9. Be3 Nbd7 10. Qd2 a6 11. a4 Qa5 12. Ra3 Nb6 13. Nb1 Qxd2+ 14. Nxd2 Nfd7 15. a5 Nc8 16. c3 f5 17. h4 f4 18. Bf2 Rb8 19. Rb3 Kf7 20. hxg5 hxg5 21. Rxh8 Bxh8 22. g3 fxg3 23. Bxg3 b5 24. axb6 Ncxb6 25. Nh3 Bf6 26. Bxa6 Ra8 27. Ra3 g4 28. fxg4 Nb8 29. Bb5 Rxa3 30. bxa3 Bxc3 31. Ke2 N8d7 32. Nf2 Ne5 33. a4 e6 34. Bxe5 Bxe5 35. a5 Na8 36. a6 Nc7 37. a7 exd5 38. exd5 c4 39. Nxc4 Bd4 40. Nxd6+ Ke7 41. Nc4 Kd8 42. d6 Na8 43. Bc6 1-0

[Event "EU-ch Rapid"]
[Site "Katowice"]
[Date "2021.12.18"]
[Round "3"]
[White "Gumularz, Szymon"]
[Black "Adamczewski, Maciej"]
[Result "1-0"]
[WhiteElo "2539"]
[BlackElo "2042"]
[PlyCount "87"]
[EventDate "2021.12.18"]
[EventType "swiss (rapid)"]
[EventRounds "11"]
[EventCountry "POL"]
[SourceTitle "CBM 205 Extra"]
[Source "ChessBase"]
[SourceDate "2022.01.31"]
[SourceVersion "1"]
[SourceVersionDate "2022.01.31"]
[SourceQuality "1"]

1. e4 e6 2. d4 d5 3. exd5 exd5 4. Nf3 Nc6 5. Nc3 Bg4 6. Bb5 Bb4 7. h3 Bh5 8. g4 Bg6 9. Ne5 Nge7 10. h4 f6 11. Nxg6 hxg6 12. Qd3 Qd7 13. f3 a6 14. Ba4 Bd6 15. Ne2 0-0-0 16. Bd2 g5 17. h5 g6 18. 0-0-0 gxh5 19. gxh5 Rh6 20. f4 Rdh8 21. Bxc6 Nxc6 22. fxg5 fxg5 23. Qf3 Be7 24. Rdg1 Rf8 25. Qg2 Rf5 26. c3 Na5 27. Ng3 Rf7 28. Rf1 Rxf1+ 29. Rxf1 Nc4 30. Nf5 Nxd2 31. Kxd2 Re6 32. h6 Bf6 33. Ne3 c6 34. Ng4 Bd8 35. Ne5 Qh7 36. Rf8 Rf6 37. Rxd8+ Kxd8 38. Qxg5 Qf5 39. Qxf5 Rxf5 40. h7 Rh5 41. h8Q+ Rxh8 42. Nf7+ Ke7 43. Nxh8 Kf6 44. Ke3 1-0

[Event "POL-chT 1st League"]
[Site "Szklarska Poreba"]
[Date "2021.09.07"]
[Round "4.9"]
[White "Adamczewski, Maciej"]
[Black "Skurniak, Szymon"]
[Result "1/2-1/2"]
[WhiteElo "2011"]
[BlackElo "2080"]
[PlyCount "40"]
[EventDate "2021.09.04"]
[EventType "team-swiss"]
[EventRounds "9"]
[EventCountry "POL"]
[SourceTitle "CBM 204 Extra"]
[Source "ChessBase"]
[SourceDate "2021.11.30"]
[SourceVersion "1"]
[SourceVersionDate "2021.11.30"]
[SourceQuality "1"]
[WhiteTeam "Strzelce Opolskie Strzelec"]
[BlackTeam "Ostrow Wielkopolski"]
[WhiteTeamCountry "POL"]
[BlackTeamCountry "POL"]

1. d4 Nf6 2. Nf3 g6 3. Nbd2 Bg7 4. e3 0-0 5. b4 d6 6. Bb2 c5 7. a3 cxd4 8. Nxd4 Nc6 9. N4b3 b6 10. Be2 Bb7 11. Bf3 Qc7 12. 0-0 Rac8 13. Qe2 Nd7 14. Bxg7 Kxg7 15. Rac1 Nde5 16. Be4 Nd8 17. Bxb7 Nxb7 18. c4 Qd7 19. Rc3 d5 20. Rfc1 Nxc4 1/2-1/2

[Event "POL Cup op blitz"]
[Site "Lodz"]
[Date "2021.08.08"]
[Round "12"]
[White "Lubczynski, Rafal"]
[Black "Adamczewski, Maciej"]
[Result "1/2-1/2"]
[WhiteElo "2429"]
[BlackElo "2053"]
[PlyCount "140"]
[EventDate "2021.08.08"]
[EventType "swiss (blitz)"]
[EventRounds "13"]
[EventCountry "POL"]
[SourceTitle "CBM 203 Extra"]
[Source "ChessBase"]
[SourceDate "2021.09.30"]
[SourceVersion "1"]
[SourceVersionDate "2021.09.30"]
[SourceQuality "1"]

1. Nf3 Nf6 2. c4 g6 3. g3 Bg7 4. Bg2 0-0 5. 0-0 d6 6. d4 c5 7. d5 e6 8. Nc3 exd5 9. cxd5 Re8 10. Nd2 Na6 11. Nc4 Nc7 12. Bf4 Bf8 13. a4 Rb8 14. Qd2 Bf5 15. Bg5 b5 16. axb5 Nxb5 17. Nxb5 Rxb5 18. Rxa7 Be7 19. Qe3 Kg7 20. Qc3 h6 21. Bf4 Rb4 22. Na5 Qb6 23. Nc6 Rb3 24. Qc1 Bf8 25. Bxh6+ Kg8 26. Bxf8 Kxf8 27. Qh6+ Kg8 28. Ne7+ Rxe7 29. Rxe7 Rxb2 30. e4 Bc8 31. Qf4 Kg7 32. e5 dxe5 33. Qxe5 Rd2 34. h4 Bg4 35. f3 c4+ 36. Kh2 Bc8 37. g4 Qb2 38. Qxb2 Rxb2 39. d6 Nd5 40. Re5 Nf4 41. Rg1 Bd7 42. Rc5 Be6 43. Kh1 Nd3 44. Rc7 Ne5 45. Rc1 Rb6 46. Rd1 Nd3 47. g5 Rxd6 48. Kg1 Rb6 49. Bf1 Rb3 50. Bxd3 cxd3 51. Kf2 Rb2+ 52. Ke3 Bf5 53. Ra1 Re2+ 54. Kf4 d2 55. Rd1 Rh2 56. Kg3 Rh3+ 57. Kg2 Rxh4 58. Rxd2 Ra4 59. Re2 Kf8 60. Rb7 Ra8 61. Ree7 Be6 62. Kg3 Re8 63. Rec7 Rd8 64. Kf4 Rd5 65. Rb8+ Kg7 66. Rbb7 Rf5+ 67. Ke4 Rxg5 68. f4 Rf5 69. Re7 Bd5+ 70. Ke3 Bxb7 1/2-1/2

[Event "POL Cup op rapid"]
[Site "Lodz"]
[Date "2021.08.07"]
[Round "8"]
[White "Adamczewski, Maciej"]
[Black "Mikrut, Dariusz"]
[Result "0-1"]
[WhiteElo "2053"]
[BlackElo "2379"]
[PlyCount "74"]
[EventDate "2021.08.07"]
[EventType "swiss (rapid)"]
[EventRounds "9"]
[EventCountry "POL"]
[SourceTitle "CBM 203 Extra"]
[Source "ChessBase"]
[SourceDate "2021.09.30"]
[SourceVersion "1"]
[SourceVersionDate "2021.09.30"]
[SourceQuality "1"]

1. d4 Nf6 2. c4 g6 3. Nc3 Bg7 4. e4 d6 5. h3 0-0 6. Be3 Na6 7. g4 Qe8 8. Nge2 c6 9. Ng3 Nc7 10. Be2 Ne6 11. d5 Nc5 12. Qc2 cxd5 13. cxd5 Bd7 14. 0-0 Rc8 15. Qd2 Qd8 16. Rab1 a5 17. f3 Qb6 18. Kg2 Rfd8 19. g5 Ne8 20. h4 a4 21. Rfc1 Qb4 22. Nf1 Ra8 23. Nb5 Qa5 24. Na3 Qa7 25. Qb4 Rdc8 26. Nd2 f5 27. Ndc4 b5 28. Nd2 Qb7 29. exf5 Bxf5 30. Ne4 Qxd5 31. Nxb5 Nxe4 32. Bc4 Rxc4 33. Qxc4 Qxc4 34. Rxc4 Nd2 35. Bxd2 Bxb1 36. a3 Bd3 37. Rb4 Rb8 0-1

[Event "Opole Termika Blitz op"]
[Site "Opole"]
[Date "2021.07.18"]
[Round "6"]
[White "Adamczewski, Maciej"]
[Black "Dobrowolski, Piotr"]
[Result "0-1"]
[WhiteElo "2053"]
[BlackElo "2413"]
[PlyCount "56"]
[EventDate "2021.07.18"]
[EventType "swiss (blitz)"]
[EventRounds "13"]
[EventCountry "POL"]
[SourceTitle "CBM 203 Extra"]
[Source "ChessBase"]
[SourceDate "2021.09.30"]
[SourceVersion "1"]
[SourceVersionDate "2021.09.30"]
[SourceQuality "1"]

1. d4 e6 2. c4 c5 3. d5 exd5 4. cxd5 d6 5. Nc3 g6 6. Nf3 Bg7 7. e4 a6 8. a4 Bg4 9. Be2 Bxf3 10. Bxf3 Nd7 11. 0-0 Ne7 12. Re1 0-0 13. Bg4 Ne5 14. Be2 f5 15. f4 Nf7 16. Bf3 fxe4 17. Nxe4 Nf5 18. Ng5 Nxg5 19. fxg5 Qb6 20. Kh1 Rae8 21. Rxe8 Rxe8 22. Ra3 Qb4 23. Bd2 Qh4 24. Bg4 Bxb2 25. Rb3 Be5 26. Rh3 Qf2 27. Rf3 Qd4 28. Qc1 Qxg4 0-1

[Event "Opole Termika Rapid op"]
[Site "Opole"]
[Date "2021.07.17"]
[Round "4"]
[White "Adamczewski, Maciej"]
[Black "Piesik, Piotr"]
[Result "1-0"]
[WhiteElo "2053"]
[BlackElo "2404"]
[PlyCount "115"]
[EventDate "2021.07.17"]
[EventType "swiss (rapid)"]
[EventRounds "9"]
[EventCountry "POL"]
[SourceTitle "CBM 203 Extra"]
[Source "ChessBase"]
[SourceDate "2021.09.30"]
[SourceVersion "1"]
[SourceVersionDate "2021.09.30"]
[SourceQuality "1"]

1. d4 c5 2. d5 e5 3. Nc3 d6 4. e4 Be7 5. Nf3 a6 6. a4 Bg4 7. Ne2 Bxf3 8. gxf3 Bg5 9. Bxg5 Qxg5 10. Rg1 Qh6 11. Ra3 Nd7 12. Qd2 Qxd2+ 13. Kxd2 Ne7 14. f4 exf4 15. Nxf4 Ne5 16. Nh5 g6 17. Nf6+ Kd8 18. Rb3 Ra7 19. Bh3 Ng8 20. Nxg8 Rxg8 21. f4 Nc4+ 22. Kc3 Na5 23. Ra3 Re8 24. Re1 b6 25. e5 Rae7 26. e6 fxe6 27. Bxe6 Rf8 28. Rf1 Kc7 29. Raa1 Nc6 30. Rae1 Nd4 31. Bg4 Rfe8 32. Rxe7+ Rxe7 33. Kd2 b5 34. axb5 axb5 35. c3 Nb3+ 36. Kc2 c4 37. f5 gxf5 38. Rxf5 Re1 39. Bd1 Kb6 40. Rf7 h5 41. Rf5 h4 42. Rf4 Kc5 43. Rxh4 Rf1 44. Re4 Rf2+ 45. Re2 Rf1 46. Rg2 Kxd5 47. h4 Kc5 48. Rh2 d5 49. h5 d4 50. cxd4+ Nxd4+ 51. Kd2 Rf8 52. h6 Ne6 53. h7 Rd8+ 54. Ke3 Rh8 55. Bc2 Ng5 56. Rh5 Re8+ 57. Kd2 Re5 58. Rxg5 1-0

[Event "POL-chT Academic"]
[Site "Katowice"]
[Date "2020.11.15"]
[Round "8.19"]
[White "Adamczewski, Maciej"]
[Black "Jarmula, Lukasz"]
[Result "1/2-1/2"]
[WhiteElo "2053"]
[BlackElo "2464"]
[PlyCount "68"]
[EventDate "2020.11.14"]
[EventType "team-swiss (rapid)"]
[EventRounds "9"]
[EventCountry "POL"]
[SourceTitle "CBM 199 Extra"]
[Source "ChessBase"]
[SourceDate "2021.01.31"]
[SourceVersion "1"]
[SourceVersionDate "2021.01.31"]
[SourceQuality "1"]
[WhiteTeam "Wroclaw University"]
[BlackTeam "Warszawa Univ"]
[WhiteTeamCountry "POL"]
[BlackTeamCountry "POL"]

1. d4 Nf6 2. c4 e6 3. Nf3 Bb4+ 4. Bd2 Bxd2+ 5. Qxd2 0-0 6. Nc3 d5 7. e3 Qe7 8. Be2 Rd8 9. Qc2 dxc4 10. Bxc4 c5 11. 0-0 Nc6 12. Rad1 cxd4 13. exd4 Bd7 14. d5 exd5 15. Nxd5 Nxd5 16. Bxd5 Nb4 17. Qb3 Nxd5 18. Qxd5 Bc6 19. Qf5 h6 20. Nd4 Be4 21. Qf4 Bg6 22. h3 Rd5 23. Nf3 Rxd1 24. Rxd1 Qe6 25. b3 a5 26. Re1 Qd5 27. Qd4 Qxd4 28. Nxd4 a4 29. Re7 Rd8 30. Nb5 Rd1+ 31. Kh2 Rd2 32. f3 Rxa2 33. bxa4 Rxa4 34. Rxb7 Rb4 1/2-1/2

[Event "POL-chT Academic"]
[Site "Katowice"]
[Date "2020.11.14"]
[Round "5.7"]
[White "Adamczewski, Maciej"]
[Black "Kumala, Aleksander"]
[Result "1-0"]
[WhiteElo "2053"]
[BlackElo "2206"]
[PlyCount "96"]
[EventDate "2020.11.14"]
[EventType "team-swiss (rapid)"]
[EventRounds "9"]
[EventCountry "POL"]
[SourceTitle "CBM 199 Extra"]
[Source "ChessBase"]
[SourceDate "2021.01.31"]
[SourceVersion "1"]
[SourceVersionDate "2021.01.31"]
[SourceQuality "1"]
[WhiteTeam "Wroclaw University"]
[BlackTeam "Gdansk Univ"]
[WhiteTeamCountry "POL"]
[BlackTeamCountry "POL"]

1. d4 Nf6 2. Nf3 e6 3. c4 Nc6 4. Nc3 Bb4 5. Qc2 0-0 6. Bg5 d6 7. e3 e5 8. dxe5 Nxe5 9. Be2 a5 10. 0-0 Bxc3 11. Qxc3 Re8 12. Qc2 Ned7 13. Nd4 Nc5 14. Nb5 Ne6 15. Bh4 Bd7 16. Bf3 Bc6 17. Bxc6 bxc6 18. Nd4 Nxd4 19. exd4 Qe7 20. f3 Qe3+ 21. Bf2 Qe2 22. Qc3 Qe6 23. Rfe1 Qf5 24. Bh4 g5 25. Bf2 h5 26. Rxe8+ Rxe8 27. Re1 Rxe1+ 28. Bxe1 g4 29. Qxa5 c5 30. fxg4 Qxg4 31. dxc5 Qxc4 32. cxd6 Qd4+ 33. Kh1 cxd6 34. h3 Qxb2 35. a4 d5 36. Qc3 Qxc3 37. Bxc3 Ne4 38. Bd4 Ng3+ 39. Kh2 Ne2 40. Bc5 d4 41. a5 d3 42. Bb4 Nd4 43. a6 Nc6 44. Bc3 f5 45. Kg3 Kf7 46. Kf4 Ke6 47. Ke3 Kd5 48. Kxd3 Kc5 1-0

[Event "POL-ch Academic"]
[Site "Katowice"]
[Date "2020.11.14"]
[Round "9"]
[White "Adamczewski, Maciej"]
[Black "Zielinski, Konrad"]
[Result "0-1"]
[WhiteElo "2053"]
[BlackElo "1691"]
[PlyCount "136"]
[EventDate "2020.11.13"]
[EventType "swiss (rapid)"]
[EventRounds "9"]
[EventCountry "POL"]
[SourceTitle "CBM 199 Extra"]
[Source "ChessBase"]
[SourceDate "2021.01.31"]
[SourceVersion "1"]
[SourceVersionDate "2021.01.31"]
[SourceQuality "1"]

1. d4 Nf6 2. Nf3 e6 3. c4 d5 4. Nc3 Be7 5. Bg5 0-0 6. e3 b6 7. cxd5 Nxd5 8. Bxe7 Qxe7 9. Nxd5 exd5 10. Bd3 Bb7 11. 0-0 c5 12. Rc1 Nd7 13. Bf5 Rac8 14. dxc5 bxc5 15. Qb3 Ba8 16. Rfd1 g6 17. Bxd7 Qxd7 18. Qa3 c4 19. Rd4 Rfd8 20. Rcd1 Qc7 21. Qc3 Rb8 22. h4 h5 23. R1d2 Rd6 24. Rf4 Qb7 25. Qe5 Re6 26. Qd4 Rbe8 27. Ng5 R6e7 28. g4 hxg4 29. Rxg4 Qb6 30. Nf3 Qxd4 31. Nxd4 Re4 32. Rxe4 Rxe4 33. h5 gxh5 34. Kg2 Kg7 35. Nf5+ Kg6 36. Ng3 Re8 37. Rd4 Rh8 38. Kh3 Kg5 39. Rf4 Kg6 40. Nf5 a5 41. Ne7+ Kg7 42. Nf5+ Kg6 43. Nh4+ Kg7 44. Nf5+ Kg6 45. Nh4+ Kg7 46. Nf5+ Kg6 47. Ne7+ Kg7 48. Rd4 Rd8 49. Rf4 a4 50. a3 Rb8 51. Nf5+ Kg6 52. Ne7+ Kg7 53. Nf5+ Kh7 54. Nh4 Kg7 55. Nf5+ Kh7 56. Nh4 Kg8 57. Nf5 Rxb2 58. Nh6+ Kg7 59. Nxf7 c3 60. Ne5 Rd2 61. Rd4 c2 62. Rxd2 c1Q 63. Rd4 Qxa3 64. Nd3 Qa2 65. Rf4 a3 66. Ne5 Qb1 67. Rf7+ Kg8 68. Rf4 a2 0-1

[Event "POL-chT 2nd League"]
[Site "Poronin"]
[Date "2020.09.08"]
[Round "4.5"]
[White "Szotkowski, Jakub"]
[Black "Adamczewski, Maciej"]
[Result "1-0"]
[WhiteElo "2362"]
[BlackElo "2043"]
[PlyCount "75"]
[EventDate "2020.09.05"]
[EventType "team-swiss"]
[EventRounds "9"]
[EventCountry "POL"]
[SourceTitle "CBM 198 Extra"]
[Source "ChessBase"]
[SourceDate "2020.11.30"]
[SourceVersion "1"]
[SourceVersionDate "2020.11.30"]
[SourceQuality "1"]
[WhiteTeam "Kopernik WKS"]
[BlackTeam "Strzelce Opolskie Strzelec"]
[WhiteTeamCountry "POL"]
[BlackTeamCountry "POL"]

1. d4 Nf6 2. c4 g6 3. Nc3 Bg7 4. e4 d6 5. Nf3 0-0 6. Be2 e5 7. dxe5 dxe5 8. Qxd8 Rxd8 9. Bg5 c6 10. Nxe5 Re8 11. 0-0-0 h6 12. Bf4 Na6 13. f3 Nh5 14. Nd3 Be6 15. g4 Nxf4 16. Nxf4 Nc5 17. Kc2 a5 18. h4 Rad8 19. b3 Bc8 20. Rxd8 Rxd8 21. Rd1 Re8 22. Bf1 f5 23. gxf5 gxf5 24. Bh3 fxe4 25. Bxc8 Rxc8 26. Nxe4 Nxe4 27. fxe4 Re8 28. Kd3 Bf6 29. h5 Kf7 30. Ke3 Ke7 31. Kf3 Bg5 32. Ng6+ Ke6 33. e5 a4 34. Ke4 axb3 35. axb3 Be7 36. Nxe7 Kxe7 37. Rd6 Rh8 38. Kf5 1-0